000 00918cam a22002897a 4500
003 CHAP
005 20220329135637.0
008 971013s1991 r 00010 d
010 _a39829
011 _a40801
035 _a44927
040 _cCHAP
082 _a581.55724
_bA5
100 0 0 _aAllen, Michael F.
_94399
245 1 4 _aThe ecology of mycorrhizae
260 _aLondon :
_bCambridge University Press,
_c1991
300 _a184 p.
490 0 _aCambridge studies in ecology
590 _aBATCH-UPD
_b10
_c20130110
_lUCH01
_h1800
590 _aCONVERSION
_b10
_c20130109
_lUCH01
_h1322
650 1 4 _aMicorriza.
_975486
830 0 _aCambridge studies in ecology
_917818
901 _aBK
942 _cLIBRO
949 _a581.55724 A5
_bBC
_cLIBRO
_d33724000003125
_eLIBRO
_gI.176616
_h88173
_i44927
_si
_t103.02
949 _a581.55724 A5
_bBC
_cLIBRO
_d33724000811154
_eLIBRO
_fc.2
_gI.208935
_h99100
_i44927
_si
_t$326.00
999 _c39829
_d39829